书目信息 |
| 题名: |
经世大览
|
|
| 作者: | 梁一群 编著 | |
| 分册: | ||
| 出版信息: | 杭州 浙江人民出版社 1996 |
|
| 页数: | 309页 | |
| 开本: | 20cm | |
| 丛书名: | ||
| 单 册: | ||
| 中图分类: | B229.24 , Z126.23 | |
| 科图分类: | ||
| 主题词: | 杂家 , 丛书--中国 | |
| 电子资源: | ||
| ISBN: | 7-213-01360-2 | |
| 000 | 00717n|m0 2200253 450 | |
| 001 | 1574794139 | |
| 005 | 20150117204701.73 | |
| 010 | @a7-213-01360-2@dCNY15.00 | |
| 100 | @a20021005d1996 em y0chiy0110 ea | |
| 101 | 0 | @achi |
| 102 | @aCN@b330000 | |
| 105 | @ay z 000yy | |
| 200 | 1 | @a经世大览@9jing shi da lan@e吕氏春秋一日一语@f梁一群[编著] |
| 210 | @a杭州@c浙江人民出版社@d1996 | |
| 215 | @a309页@d20cm | |
| 517 | 1 | @a吕氏春秋一日一语@9LU“ shi chun qiu yi ri yi yu |
| 605 | @a《吕氏春秋》@x译文 | |
| 606 | 0 | @a杂家 |
| 606 | 0 | @a丛书@x中国 |
| 690 | @aB229.24@v5 | |
| 690 | @aZ126.23@v4 | |
| 701 | 0 | @a梁一群@9liang yi qun@f(1954~)@4编著 |
| 801 | 0 | @aCN@bTSSF@c20150117 |
| 905 | @aZUCC@dZ126.23@eJY6 | |
| 经世大览:吕氏春秋一日一语/梁一群[编著].-杭州:浙江人民出版社,1996 |
| 309页;20cm |
| ISBN 7-213-01360-2:CNY15.00 |
| ● |
| 相关链接 |
|
|
|
|
正题名:经世大览
索取号:Z126.23/JY6
 
预约/预借
| 序号 | 登录号 | 条形码 | 馆藏地/架位号 | 状态 | 备注 |
| 1 | 7852664 | 278526640 | 学院路分馆/ [索取号:Z126.23/JY6] | 在馆 |